000
00284 a2200145 4500
001
160417
020
_a
040
_c
Magnum
100
_a
Passos, Isabel Cristina
240
1
0
_a
Tapete verde
_l
por
245
1
0
_a
Tapete verde
362
0
_a
1899
697
_a
I/GERAL
942
_c
BK
999
_c
160417
_d
160417